000 00696nam a2200229 a 4500
003 PILC
005 20160304103917.0
008 080124s19uu xx 00 eng d
020 _a8184110030
050 _aG 156.5.E26
_b.Ec19 2006
245 _aEcotourism planning and management /
_ccompiled and edited by Romila Chawla.
260 _aIndia :
_bSonali Publications,
_c2006.
300 _a370 pages :
_billustrations ;
_c22 cm.
440 _aTourism and Development Series.
650 _aEcotourism.
650 _aEcotourism
_xPlanning
_xManagement.
650 _aEcotourism
_xPlanning.
650 _aEcotourism
_xManagement.
942 _cBK
_2lcc
_kFOR
999 _c22863
_d22863